书目信息 |
| 题名: |
世界童话名著
|
|
| 作者: | ||
| 分册: | 第一辑下 | |
| 出版信息: | 杭州 浙江少年儿童出版社 1988 |
|
| 页数: | 371页 | |
| 开本: | 20cm | |
| 丛书名: | ||
| 单 册: | ||
| 中图分类: | J228.4 , I18 | |
| 科图分类: | ||
| 主题词: | 连环画--中国--现代 , 儿童文学--作品集--世界 | |
| 电子资源: | ||
| ISBN: | 7-5342-0425-9 | |
| 000 | 00628nam0 2200229 450 | |
| 001 | 1568592018 | |
| 005 | 20150131190405.53 | |
| 010 | @a7-5342-0425-9@dCNY4.45 | |
| 100 | @a20040225d1998 bc y0chiy0110 ea | |
| 101 | 0 | @achi |
| 102 | @aCN@b330000 | |
| 105 | @aa t 000yy | |
| 200 | 1 | @a世界童话名著@9shi jie tong hua ming zhu@h第一辑下@h第一辑 |
| 210 | @a杭州@c浙江少年儿童出版社@d1988 | |
| 215 | @a371页@c图@d20cm | |
| 606 | 0 | @a连环画@y中国@z现代 |
| 606 | 0 | @a儿童文学@x作品集@x世界 |
| 690 | @aJ228.4@v5 | |
| 690 | @aI18@v4 | |
| 696 | @aJ366(1)@v3@2sef | |
| 801 | 0 | @aCN@bTSSF@c20150131 |
| 905 | @aZUCC@dI18@eJY100:1:2 | |
| 世界童话名著.第一辑下.第一辑.-杭州:浙江少年儿童出版社,1988 |
| 371页:图;20cm |
| ISBN 7-5342-0425-9:CNY4.45 |
| ● |
| 相关链接 |
|
|
|
|
正题名:世界童话名著
索取号:I18/JY100:1:2
 
预约/预借
| 序号 | 登录号 | 条形码 | 馆藏地/架位号 | 状态 | 备注 |
| 1 | 7853599 | 278535998 | 学院路分馆/ [索取号:I18/JY100:1:2] | 在馆 |